Global convulsions : race, ethnicity, and nationalism at the end of the twentieth century = Convulsiones globales: la raza, la etnia, el nacionalismo y al final del siglo XX /
Salvato in:
| Autore principale: | |
|---|---|
| Natura: | Sconosciuto |
| Lingua: | English |
| Pubblicazione: |
Albany :
State University of New York Press,
c1997.
|
| Soggetti: | |
| Tags: |
Aggiungi Tag
Nessun Tag, puoi essere il primo ad aggiungerne!!
|
MARC
| LEADER | 000000000a22000000004500 | ||
|---|---|---|---|
| 001 | 011332 | ||
| 020 | |a 079143236X | ||
| 041 | 0 | |a eng | |
| 082 | 0 | 4 | |a 305.8 |b V256g |
| 100 | 1 | |a Van Horne, Winston A. | |
| 245 | 1 | 0 | |a Global convulsions : |b race, ethnicity, and nationalism at the end of the twentieth century = Convulsiones globales: la raza, la etnia, el nacionalismo y al final del siglo XX / |c Winston A. Van Horne. |
| 246 | 3 | 1 | |a Convulsiones globales: la raza, la etnia, el nacionalismo y al final del siglo XX |
| 260 | 1 | |a Albany : |b State University of New York Press, |c c1997. | |
| 300 | |a xx, 364 páginas : |b ilustraciones ; |c 24 cm. | ||
| 500 | |a Colección George Yúdice | ||
| 650 | 4 | |a RACISMO | |
| 650 | 4 | |a ETNICISMO | |
| 650 | 4 | |a NACIONALISMO | |
| 999 | |c 16629 |d 16629 | ||
| 942 | |c BK |h 305.8 V256g |2 z | ||



